Three Cups Of Tea (Record no. 11609)

MARC details
000 -LEADER
fixed length control field 00250nam a22000977a 4500
008 - FIXED-LENGTH DATA ELEMENTS--GENERAL INFORMATION
fixed length control field 190820b ||||| |||| 00| 0 eng d
020 ## - INTERNATIONAL STANDARD BOOK NUMBER
International Standard Book Number 9780143038252
100 ## - MAIN ENTRY--PERSONAL NAME
Personal name Mortenson Greg
9 (RLIN) 4666
245 ## - TITLE STATEMENT
Title Three Cups Of Tea
260 ## - PUBLICATION, DISTRIBUTION, ETC. (IMPRINT)
Place of publication, distribution, etc. USA
Name of publisher, distributor, etc. Penguin Books
Date of publication, distribution, etc. 2006
Holdings
Withdrawn status Lost status Source of classification or shelving scheme Damaged status Koha normalized classification for sorting Not for loan Home library Current library Shelving location Date acquired Total Checkouts Full call number Barcode Date last seen Price effective from Koha item type
    Dewey Decimal Classification   371_000000000000000   Good Samaritan School Library Good Samaritan School Library PSYCHOLOGY 08/20/2019   371 MOR15495 08/20/2019 08/20/2019 BOOK

Powered by Koha